<?xml version="1.0" encoding="UTF-8"?>
<record
    xmlns:xsi="http://www.w3.org/2001/XMLSchema-instance"
    xsi:schemaLocation="http://www.loc.gov/MARC21/slim http://www.loc.gov/standards/marcxml/schema/MARC21slim.xsd"
    xmlns="http://www.loc.gov/MARC21/slim">

  <leader>02061nam a2200373 u 4500</leader>
  <controlfield tag="001">812357</controlfield>
  <controlfield tag="005">20260506093236.0</controlfield>
  <controlfield tag="008">021004e19991001                    spa  </controlfield>
  <datafield tag="035" ind1=" " ind2=" ">
    <subfield code="a">812357</subfield>
    <subfield code="z">3155</subfield>
  </datafield>
  <datafield tag="035" ind1=" " ind2=" ">
    <subfield code="a">(OCoLC)318217114</subfield>
  </datafield>
  <datafield tag="040" ind1=" " ind2=" ">
    <subfield code="c">comduadb</subfield>
  </datafield>
  <datafield tag="041" ind1=" " ind2=" ">
    <subfield code="a">spa</subfield>
  </datafield>
  <datafield tag="080" ind1=" " ind2=" ">
    <subfield code="a">H</subfield>
  </datafield>
  <datafield tag="100" ind1="1" ind2="0">
    <subfield code="a">Acosta Medina, Amylkar David,</subfield>
    <subfield code="d">1950-</subfield>
    <subfield code="4">aut</subfield>
    <subfield code="0">(isni)0000 0000 2664 7858</subfield>
    <subfield code="0">(viaf)33341016</subfield>
    <subfield code="e">aut</subfield>
    <subfield code="9">530107</subfield>
  </datafield>
  <datafield tag="245" ind1="1" ind2="0">
    <subfield code="a">Ajuste fiscal o desajuste estructural : de la luna de miel a la luna de hiel</subfield>
  </datafield>
  <datafield tag="260" ind1=" " ind2=" ">
    <subfield code="a">Santaf&#xE9; de Bogot&#xE1; :</subfield>
    <subfield code="b">Senado de la Republica,</subfield>
    <subfield code="c">1999.</subfield>
  </datafield>
  <datafield tag="300" ind1=" " ind2=" ">
    <subfield code="a">346 p&#xE1;ginas</subfield>
  </datafield>
  <datafield tag="520" ind1="3" ind2=" ">
    <subfield code="a">En la primera parte del libro se revisan los origenes de la apertura comercial hecha por la administracion Gaviria y se se?alan con precision los errores cometidos en su ejecucion, que desvirtuaron gran parte de las expectativas que habia despertado. Tambien en la primera parte se estudia el papel del Banco de la Republica y su responsabilidad en la crisis actual. La segunda parte esta dedicada a la crisis financiera. Se hace un recuento de sus origenes y de los esfuerzos del actual gobierno para controlarla. En la tercera parte se ocupa del tema de la equidad, los resultados sobre la distribucion del ingreso entre naciones ricas y pobres, y en cada pais, han ampliado enormemente las desigualdades sociales y han borrado las mejoras en las condiciones de vida de la poblacion mas pobre que se lograron en decadas.</subfield>
  </datafield>
  <datafield tag="650" ind1=" " ind2=" ">
    <subfield code="a">Deficit fiscal</subfield>
    <subfield code="9">2364</subfield>
  </datafield>
  <datafield tag="650" ind1=" " ind2="7">
    <subfield code="a">Crisis econ&#xF3;mica</subfield>
    <subfield code="2">lemb</subfield>
    <subfield code="9">40998</subfield>
  </datafield>
  <datafield tag="650" ind1=" " ind2=" ">
    <subfield code="a">UPAC (Unidad de Poder Adquisitivo Constante)</subfield>
    <subfield code="9">2901</subfield>
  </datafield>
  <datafield tag="650" ind1=" " ind2="7">
    <subfield code="a">Salud</subfield>
    <subfield code="2">lemb</subfield>
    <subfield code="9">952</subfield>
  </datafield>
  <datafield tag="650" ind1=" " ind2="7">
    <subfield code="a">Educaci&#xF3;n</subfield>
    <subfield code="2">embne</subfield>
    <subfield code="9">4652</subfield>
  </datafield>
  <datafield tag="650" ind1=" " ind2="7">
    <subfield code="a">Violencia</subfield>
    <subfield code="2">embne</subfield>
    <subfield code="9">32770</subfield>
  </datafield>
  <datafield tag="650" ind1=" " ind2="7">
    <subfield code="a">Balanza de pagos</subfield>
    <subfield code="2">Lemb</subfield>
    <subfield code="9">3652</subfield>
  </datafield>
  <datafield tag="650" ind1=" " ind2=" ">
    <subfield code="a">Especulaci&#xF3;n</subfield>
    <subfield code="9">9971</subfield>
  </datafield>
  <datafield tag="650" ind1=" " ind2="7">
    <subfield code="a">Tasas de inter&#xE9;s</subfield>
    <subfield code="2">lemb</subfield>
    <subfield code="9">113297</subfield>
  </datafield>
  <datafield tag="650" ind1=" " ind2=" ">
    <subfield code="a">FMI (Fondo Monetario Internacional)</subfield>
    <subfield code="9">57266</subfield>
  </datafield>
  <datafield tag="650" ind1=" " ind2=" ">
    <subfield code="a">Emergencia economica</subfield>
    <subfield code="9">21121</subfield>
  </datafield>
  <datafield tag="650" ind1=" " ind2=" ">
    <subfield code="a">Dos por mil</subfield>
    <subfield code="9">114000</subfield>
  </datafield>
  <datafield tag="650" ind1=" " ind2="7">
    <subfield code="a">Desigualdad social</subfield>
    <subfield code="2">lemb</subfield>
    <subfield code="9">15901</subfield>
  </datafield>
  <datafield tag="650" ind1=" " ind2="7">
    <subfield code="a">Paz</subfield>
    <subfield code="2">lemb</subfield>
    <subfield code="9">1513</subfield>
  </datafield>
  <datafield tag="942" ind1=" " ind2=" ">
    <subfield code="c">BOOK</subfield>
  </datafield>
  <datafield tag="999" ind1=" " ind2=" ">
    <subfield code="c">255665</subfield>
    <subfield code="d">255665</subfield>
  </datafield>
  <datafield tag="952" ind1=" " ind2=" ">
    <subfield code="0">0</subfield>
    <subfield code="1">0</subfield>
    <subfield code="4">0</subfield>
    <subfield code="7">0</subfield>
    <subfield code="8">GENERAL</subfield>
    <subfield code="a">CIE</subfield>
    <subfield code="b">CIE</subfield>
    <subfield code="d">2023-04-24</subfield>
    <subfield code="i">C779630</subfield>
    <subfield code="l">0</subfield>
    <subfield code="o">H/05073</subfield>
    <subfield code="p">61000004386729</subfield>
    <subfield code="r">2023-04-24 00:00:00</subfield>
    <subfield code="t">1</subfield>
    <subfield code="w">2023-04-24</subfield>
    <subfield code="y">BOOK</subfield>
  </datafield>
</record>
